[Event "ODJM A 2019"]
[Site "Willingen GER"]
[Date "2019.06.12"]
[Round "5"]
[White "Holtel, Jasper"]
[Black "von Estorff, Jacob"]
[Result "1-0"]
[Termination "normal"]
[Board "4"]
[WhiteTitle "FM"]
[WhiteElo "2272"]
[BlackElo "2041"]
[WhiteClock "00:23:51"]
[BlackClock "00:00:33"]
[PlyCount "117"]
[WhiteFideId "12956376"]
[BlackFideId "12974501"]
[EventCountry "GER"]
[EventRounds "9"]
[EventType "swiss"]
[EventDate "2019.06.08"]

1. Nf3 {[%clk 1:22:44]} 1... c5 {[%clk 1:28:31]} 2. g3 {[%clk 1:22:39]} 2...
Nc6 {[%clk 1:28:41]} 3. Bg2 {[%clk 1:23:01]} 3... Nf6 {[%clk 1:27:58]} 4. O-O {
[%clk 1:19:05]} 4... d5 {[%clk 1:27:10]} 5. d4 {[%clk 1:19:22]} 5... cxd4 {
[%clk 1:23:02]} 6. Nxd4 {[%clk 1:17:59]} 6... e5 {[%clk 1:18:14]} 7. Nxc6 {
[%clk 1:16:29]} 7... bxc6 {[%clk 1:18:39]} 8. c4 {[%clk 1:16:51]} 8... Be6 {
[%clk 1:18:09]} 9. Qa4 {[%clk 1:16:14]} 9... Qd7 {[%clk 1:17:42]} 10. Nc3 {
[%clk 1:16:35]} 10... Rd8 {[%clk 1:10:30]} 11. Rd1 {[%clk 1:16:06]} 11... h6 {
[%clk 1:07:58]} 12. b3 {[%clk 0:51:34]} 12... Be7 {[%clk 1:01:04]} 13. Bb2 {
[%clk 0:50:43]} 13... O-O {[%clk 1:00:13]} 14. Rac1 {[%clk 0:51:03]} 14... Qb7
{[%clk 0:53:18]} 15. cxd5 {[%clk 0:48:57]} 15... cxd5 {[%clk 0:51:33]} 16. Qb5
{[%clk 0:42:40]} 16... Qa8 {[%clk 0:46:34]} 17. Na4 {[%clk 0:42:25]} 17... e4 {
[%clk 0:41:04]} 18. Bd4 {[%clk 0:39:03]} 18... Rd7 {[%clk 0:38:22]} 19. Nc5 {
[%clk 0:35:21]} 19... Bxc5 {[%clk 0:37:47]} 20. Rxc5 {[%clk 0:34:29]} 20... Rb7
{[%clk 0:33:52]} 21. Qa5 {[%clk 0:33:19]} 21... Rc8 {[%clk 0:26:17]} 22. Rdc1 {
[%clk 0:33:28]} 22... Rxc5 {[%clk 0:26:43]} 23. Rxc5 {[%clk 0:33:42]} 23... Qb8
{[%clk 0:26:15]} 24. Qc3 {[%clk 0:24:25]} 24... Ne8 {[%clk 0:25:34]} 25. e3 {
[%clk 0:24:25]} 25... f6 {[%clk 0:16:06]} 26. Bf1 {[%clk 0:24:11]} 26... Rc7 {
[%clk 0:13:41]} 27. Rxc7 {[%clk 0:22:48]} 27... Nxc7 {[%clk 0:14:00]} 28. Qc5 {
[%clk 0:21:29]} 28... a6 {[%clk 0:14:19]} 29. Qc6 {[%clk 0:20:42]} 29... Qc8 {
[%clk 0:13:18]} 30. a4 {[%clk 0:19:45]} 30... Kf7 {[%clk 0:08:48]} 31. Bb6 {
[%clk 0:17:06]} 31... Ne8 {[%clk 0:08:52]} 32. Qxc8 {[%clk 0:16:50]} 32... Bxc8
{[%clk 0:09:18]} 33. Be2 {[%clk 0:16:25]} 33... Ke7 {[%clk 0:08:32]} 34. Kf1 {
[%clk 0:15:48]} 34... Kd6 {[%clk 0:07:34]} 35. Ke1 {[%clk 0:16:01]} 35... Kc6 {
[%clk 0:07:12]} 36. Ba5 {[%clk 0:15:45]} 36... Nd6 {[%clk 0:07:07]} 37. Kd2 {
[%clk 0:15:19]} 37... Nb7 {[%clk 0:04:36]} 38. Bb4 {[%clk 0:15:35]} 38... Nc5 {
[%clk 0:04:51]} 39. Kc3 {[%clk 0:15:03]} 39... g6 {[%clk 0:01:44]} 40. Bxc5 {
[%clk 0:13:14]} 40... Kxc5 {[%clk 0:02:08]} 41. b4+ {[%clk 0:13:35]} 41... Kd6
{[%clk 0:00:39]} 42. Kd4 {[%clk 0:12:36]} 42... Bb7 {[%clk 0:00:33]} 43. Bd1 {
[%clk 0:07:04]} 43... Bc6 {[%clk 0:00:45]} 44. Bb3 {[%clk 0:07:06]} 44... Bb7 {
[%clk 0:00:51]} 45. Bc2 {[%clk 0:04:17]} 45... Bc6 {[%clk 0:29:15]} 46. Bd1 {
[%clk 0:35:01]} 46... Bd7 {[%clk 0:21:00]} 47. a5 {[%clk 0:33:21]} 47... Bb5 {
[%clk 0:20:02]} 48. f3 {[%clk 0:32:56]} 48... Bc6 {[%clk 0:02:13]} 49. Be2 {
[%clk 0:30:58]} 49... Bb7 {[%clk 0:02:12]} 50. fxe4 {[%clk 0:29:09]} 50... dxe4
{[%clk 0:02:37]} 51. Bc4 {[%clk 0:28:34]} 51... f5 {[%clk 0:01:28]} 52. b5 {
[%clk 0:26:42]} 52... axb5 {[%clk 0:01:50]} 53. Bxb5 {[%clk 0:27:08]} 53... g5
{[%clk 0:02:01]} 54. a6 {[%clk 0:25:42]} 54... Ba8 {[%clk 0:00:34]} 55. Be8 {
[%clk 0:24:51]} 55... Ke7 {[%clk 0:00:35]} 56. Bg6 {[%clk 0:24:29]} 56... Kf6 {
[%clk 0:01:04]} 57. Bh7 {[%clk 0:24:23]} 57... Ke6 {[%clk 0:01:24]} 58. g4 {
[%clk 0:23:29]} 58... fxg4 {[%clk 0:00:33]} 59. Bxe4 {[%clk 0:23:51]} 1-0

[Event "ODJM A 2019"]
[Site "Willingen GER"]
[Date "2019.06.12"]
[Round "5"]
[White "Oberhofer, Cedric"]
[Black "Parvanyan, Alfred"]
[Result "1-0"]
[Termination "normal"]
[Board "5"]
[WhiteElo "2243"]
[BlackElo "2066"]
[WhiteClock "00:14:11"]
[BlackClock "00:01:05"]
[PlyCount "69"]
[WhiteFideId "12941220"]
[BlackFideId "13305832"]
[EventCountry "GER"]
[EventRounds "9"]
[EventType "swiss"]
[EventDate "2019.06.08"]

1. d4 {[%clk 1:30:57]} 1... Nf6 {[%clk 1:30:43]} 2. c4 {[%clk 1:31:19]} 2... g6
{[%clk 1:31:05]} 3. Nf3 {[%clk 1:31:42]} 3... Bg7 {[%clk 1:31:26]} 4. g3 {
[%clk 1:32:05]} 4... O-O {[%clk 1:31:28]} 5. Bg2 {[%clk 1:32:29]} 5... d6 {
[%clk 1:31:51]} 6. O-O {[%clk 1:32:43]} 6... c6 {[%clk 1:32:17]} 7. Nc3 { [%clk
1:32:41]} 7... Nbd7 {[%clk 1:32:40]} 8. e4 {[%clk 1:31:32]} 8... e5 { [%clk
1:33:02]} 9. h3 {[%clk 1:31:16]} 9... Re8 {[%clk 1:29:52]} 10. Be3 { [%clk
1:31:08]} 10... exd4 {[%clk 1:24:28]} 11. Nxd4 {[%clk 1:31:29]} 11... Nb6
{[%clk 1:20:11]} 12. b3 {[%clk 1:14:15]} 12... Nfd7 {[%clk 1:10:29]} 13. Rc1 {
[%clk 1:07:15]} 13... Nc5 {[%clk 1:06:50]} 14. Qc2 {[%clk 0:58:59]} 14... a5 {
[%clk 1:00:57]} 15. Rfd1 {[%clk 0:57:35]} 15... Qe7 {[%clk 1:00:13]} 16. Rd2 {
[%clk 0:47:04]} 16... Nbd7 {[%clk 0:55:27]} 17. Re1 {[%clk 0:42:35]} 17... Nf8
{[%clk 0:43:57]} 18. f4 {[%clk 0:37:54]} 18... Nfe6 {[%clk 0:28:49]} 19. Nde2 {
[%clk 0:35:17]} 19... Nc7 {[%clk 0:24:53]} 20. Nd4 {[%clk 0:26:30]} 20... h5 {
[%clk 0:17:25]} 21. Bf2 {[%clk 0:23:52]} 21... h4 {[%clk 0:14:15]} 22. g4 {
[%clk 0:20:21]} 22... N7e6 {[%clk 0:13:51]} 23. Nf5 {[%clk 0:19:22]} 23... gxf5
{[%clk 0:12:59]} 24. exf5 {[%clk 0:19:19]} 24... Qf6 {[%clk 0:12:02]} 25. Bd4
25... Nxd4 {[%clk 0:09:01]} 26. Rxe8+ {[%clk 0:17:47]} 26... Kh7 { [%clk
0:09:27]} 27. Qd1 {[%clk 0:16:55]} 27... Nf3+ {[%clk 0:01:48]} 28. Bxf3 { [%clk
0:15:34]} 28... Qxc3 {[%clk 0:02:14]} 29. Qe1 {[%clk 0:14:23]} 29... Bd4+
{[%clk 0:00:35]} 30. Kg2 {[%clk 0:13:32]} 30... Bf6 {[%clk 0:00:34]} 31. g5 {
[%clk 0:13:46]} 31... Bxg5 {[%clk 0:00:31]} 32. fxg5 {[%clk 0:14:08]} 32... Kg7
{[%clk 0:00:40]} 33. f6+ {[%clk 0:13:52]} 33... Kg6 {[%clk 0:00:52]} 34. Rg8+ {
[%clk 0:14:15]} 34... Kf5 {[%clk 0:01:05]} 35. Bg4+ {[%clk 0:14:11]} 1-0

[Event "ODJM A 2019"]
[Site "Willingen GER"]
[Date "2019.06.12"]
[Round "5"]
[White "Kotyk, Michael"]
[Black "Kardoeus, David"]
[Result "1-0"]
[Termination "normal"]
[Board "6"]
[WhiteElo "1966"]
[BlackElo "2202"]
[WhiteClock "00:28:58"]
[BlackClock "00:34:25"]
[PlyCount "109"]
[WhiteFideId "16214501"]
[BlackFideId "12912050"]
[EventCountry "GER"]
[EventRounds "9"]
[EventType "swiss"]
[EventDate "2019.06.08"]

1. Nf3 {[%clk 1:30:57]} 1... Nf6 {[%clk 1:29:30]} 2. c4 {[%clk 1:31:21]} 2...
g6 {[%clk 1:28:52]} 3. b3 {[%clk 1:31:43]} 3... c5 {[%clk 1:28:47]} 4. Bb2 {
[%clk 1:31:59]} 4... Nc6 {[%clk 1:28:12]} 5. g3 {[%clk 1:25:14]} 5... Bg7 {
[%clk 1:27:58]} 6. Bg2 {[%clk 1:25:33]} 6... d6 {[%clk 1:27:59]} 7. O-O { [%clk
1:24:50]} 7... e5 {[%clk 1:28:12]} 8. e3 {[%clk 1:23:21]} 8... O-O { [%clk
1:13:12]} 9. d4 {[%clk 1:20:41]} 9... e4 {[%clk 1:11:16]} 10. Ne1 { [%clk
1:20:56]} 10... cxd4 {[%clk 1:08:29]} 11. exd4 {[%clk 1:21:15]} 11... Re8
{[%clk 1:05:42]} 12. Nc3 {[%clk 1:18:08]} 12... d5 {[%clk 0:39:41]} 13. Nc2 {
[%clk 1:08:55]} 13... Bg4 {[%clk 0:36:43]} 14. Qd2 {[%clk 1:09:03]} 14... Ne7 {
[%clk 0:30:13]} 15. Ne3 {[%clk 0:51:07]} 15... h5 {[%clk 0:27:30]} 16. Ba3 {
[%clk 0:49:08]} 16... Bh6 {[%clk 0:22:08]} 17. Bxe7 {[%clk 0:34:54]} 17... Rxe7
{[%clk 0:21:57]} 18. Ncxd5 {[%clk 0:35:02]} 18... Nxd5 {[%clk 0:20:49]} 19.
cxd5 {[%clk 0:35:13]} 19... h4 {[%clk 0:13:45]} 20. Qb4 {[%clk 0:31:13]} 20...
Bxe3 {[%clk 0:11:32]} 21. fxe3 {[%clk 0:31:42]} 21... Qd7 {[%clk 0:07:49]} 22.
Rac1 {[%clk 0:27:44]} 22... h3 {[%clk 0:07:03]} 23. Bh1 {[%clk 0:27:42]} 23...
Rd8 {[%clk 0:03:14]} 24. Rf6 {[%clk 0:23:28]} 24... Qe8 {[%clk 0:02:34]} 25. d6
{[%clk 0:17:58]} 25... Re6 {[%clk 0:02:29]} 26. Rxe6 {[%clk 0:18:09]} 26...
Qxe6 {[%clk 0:01:34]} 27. Qxb7 {[%clk 0:17:51]} 27... Bf5 {[%clk 0:01:24]} 28.
g4 {[%clk 0:12:09]} 28... Bxg4 {[%clk 0:01:33]} 29. Qxe4 {[%clk 0:12:37]} 29...
Qd7 {[%clk 0:01:31]} 30. Qe7 {[%clk 0:11:19]} 30... Qxd6 {[%clk 0:01:20]} 31.
Qxd6 {[%clk 0:11:17]} 31... Rxd6 {[%clk 0:01:45]} 32. Kf2 {[%clk 0:10:52]}
32... Bf5 {[%clk 0:01:23]} 33. e4 {[%clk 0:10:13]} 33... Bg4 {[%clk 0:01:07]}
34. d5 {[%clk 0:09:55]} 34... Ra6 {[%clk 0:00:50]} 35. a4 {[%clk 0:08:58]}
35... Rb6 {[%clk 0:01:00]} 36. Rc3 {[%clk 0:08:57]} 36... f6 {[%clk 0:00:37]}
37. Bf3 {[%clk 0:05:07]} 37... Bd7 {[%clk 0:01:06]} 38. Ke3 {[%clk 0:05:14]}
38... Kf7 {[%clk 0:01:29]} 39. Kd4 {[%clk 0:05:17]} 39... Ke7 {[%clk 0:01:55]}
40. Be2 {[%clk 0:01:08]} 40... Kd6 {[%clk 0:01:54]} 41. Rf3 {[%clk 0:28:48]}
41... Ke7 {[%clk 0:30:32]} 42. Bc4 {[%clk 0:28:16]} 42... Rb8 {[%clk 0:30:41]}
43. d6+ {[%clk 0:25:14]} 43... Kxd6 {[%clk 0:30:26]} 44. Rxf6+ {[%clk 0:25:42]}
44... Ke7 {[%clk 0:30:46]} 45. Rxg6 {[%clk 0:26:07]} 45... Rf8 {[%clk 0:31:10]}
46. Rg7+ {[%clk 0:26:21]} 46... Kd6 {[%clk 0:31:31]} 47. e5+ {[%clk 0:26:33]}
47... Kc6 {[%clk 0:31:44]} 48. Bb5+ {[%clk 0:26:55]} 48... Kb6 {[%clk 0:32:07]}
49. Bxd7 {[%clk 0:27:15]} 49... a5 {[%clk 0:32:26]} 50. e6 {[%clk 0:27:21]}
50... Rf2 {[%clk 0:32:46]} 51. e7 {[%clk 0:27:31]} 51... Re2 {[%clk 0:33:10]}
52. e8=Q {[%clk 0:27:45]} 52... Rxe8 {[%clk 0:33:33]} 53. Bxe8 {[%clk 0:28:07]}
53... Ka6 {[%clk 0:33:57]} 54. Bb5+ {[%clk 0:28:33]} 54... Kb6 {[%clk 0:34:25]}
55. Rg6+ {[%clk 0:28:58]} 1-0

[Event "ODJM A 2019"]
[Site "Willingen GER"]
[Date "2019.06.12"]
[Round "5"]
[White "Weber, Samuel"]
[Black "Nasoyan, Maksim"]
[Result "1-0"]
[Termination "normal"]
[Board "7"]
[WhiteElo "2160"]
[BlackElo "1878"]
[WhiteClock "00:43:56"]
[BlackClock "00:38:33"]
[PlyCount "59"]
[WhiteFideId "12924008"]
[BlackFideId "16220331"]
[EventCountry "GER"]
[EventRounds "9"]
[EventType "swiss"]
[EventDate "2019.06.08"]

1. e4 {[%clk 1:30:42]} 1... c5 {[%clk 1:30:49]} 2. Nf3 {[%clk 1:30:35]} 2... a6
{[%clk 1:31:16]} 3. a4 {[%clk 1:28:48]} 3... Nc6 {[%clk 1:29:32]} 4. g3 { [%clk
1:26:04]} 4... g6 {[%clk 1:28:57]} 5. Bg2 {[%clk 1:26:09]} 5... Bg7 { [%clk
1:29:11]} 6. O-O {[%clk 1:26:10]} 6... d6 {[%clk 1:27:56]} 7. d3 { [%clk
1:25:23]} 7... e6 {[%clk 1:24:05]} 8. c3 {[%clk 1:21:27]} 8... Nge7 { [%clk
1:19:24]} 9. Be3 {[%clk 1:20:21]} 9... O-O {[%clk 1:14:34]} 10. Qd2 { [%clk
1:18:31]} 10... f5 {[%clk 1:12:58]} 11. Na3 {[%clk 1:14:27]} 11... Rb8 { [%clk
1:07:20]} 12. Bh6 {[%clk 1:08:44]} 12... e5 {[%clk 1:05:27]} 13. Bxg7 { [%clk
1:00:48]} 13... Kxg7 {[%clk 1:04:31]} 14. exf5 {[%clk 1:01:02]} 14... Nxf5
{[%clk 1:01:12]} 15. Rfe1 {[%clk 0:55:49]} 15... Qf6 {[%clk 0:56:33]} 16. Nc4
{[%clk 0:53:25]} 16... b5 {[%clk 0:53:56]} 17. axb5 {[%clk 0:53:36]} 17... axb5
{[%clk 0:54:20]} 18. Ne3 {[%clk 0:54:00]} 18... Nce7 {[%clk 0:52:13]} 19. Ra7
{[%clk 0:51:46]} 19... Nxe3 {[%clk 0:50:32]} 20. Qxe3 {[%clk 0:51:36]} 20...
Rf7 {[%clk 0:47:52]} 21. Ng5 {[%clk 0:50:43]} 21... Rf8 {[%clk 0:45:19]} 22.
Ne4 {[%clk 0:48:56]} 22... Qe6 {[%clk 0:45:44]} 23. Nxc5 {[%clk 0:45:12]} 23...
dxc5 {[%clk 0:39:20]} 24. Qxe5+ {[%clk 0:43:16]} 24... Qxe5 { [%clk 0:39:45]}
25. Rxe5 {[%clk 0:43:42]} 25... Rf7 {[%clk 0:39:04]} 26. Rexe7 {[%clk 0:43:59]}
26... Rxe7 {[%clk 0:39:26]} 27. Rxe7+ {[%clk 0:44:25]} 27... Kf6 {[%clk
0:39:52]} 28. Re8 {[%clk 0:44:03]} 28... b4 {[%clk 0:39:22]} 29. c4 {[%clk
0:43:52]} 29... Kf7 {[%clk 0:38:33]} 30. Rh8 {[%clk 0:43:56]} 1-0

[Event "ODJM A 2019"]
[Site "Willingen GER"]
[Date "2019.06.12"]
[Round "5"]
[White "Fistoul, Boris"]
[Black "Ortmeier, Leonhard"]
[Result "0-1"]
[Termination "normal"]
[Board "8"]
[WhiteElo "1918"]
[BlackElo "2140"]
[WhiteClock "00:11:48"]
[BlackClock "00:33:12"]
[PlyCount "60"]
[WhiteFideId "12953962"]
[BlackFideId "12993662"]
[EventCountry "GER"]
[EventRounds "9"]
[EventType "swiss"]
[EventDate "2019.06.08"]

1. d4 {[%clk 1:30:27]} 1... Nf6 {[%clk 1:29:07]} 2. c4 {[%clk 1:30:19]} 2... e6
{[%clk 1:27:29]} 3. Nc3 {[%clk 1:30:13]} 3... Bb4 {[%clk 1:26:18]} 4. f3 {
[%clk 1:29:14]} 4... c5 {[%clk 1:22:12]} 5. a3 {[%clk 1:27:56]} 5... Ba5 {
[%clk 1:21:16]} 6. e3 {[%clk 1:21:41]} 6... cxd4 {[%clk 1:14:05]} 7. exd4 {
[%clk 1:20:59]} 7... d5 {[%clk 1:14:22]} 8. b4 {[%clk 1:16:28]} 8... Bc7 {
[%clk 1:14:47]} 9. c5 {[%clk 1:15:53]} 9... a6 {[%clk 1:14:13]} 10. f4 { [%clk
1:12:36]} 10... Nc6 {[%clk 1:13:14]} 11. Bd3 {[%clk 1:04:48]} 11... Nxd4 {[%clk
1:05:28]} 12. Bxa6 {[%clk 1:03:56]} 12... Nc6 {[%clk 1:03:21]} 13. Bb5 { [%clk
1:02:14]} 13... e5 {[%clk 1:01:19]} 14. Nf3 {[%clk 1:00:08]} 14... Bg4 { [%clk
0:53:34]} 15. h3 {[%clk 0:53:07]} 15... Bxf3 {[%clk 0:53:05]} 16. Qxf3 { [%clk
0:53:15]} 16... e4 {[%clk 0:53:16]} 17. Qe2 {[%clk 0:42:29]} 17... O-O { [%clk
0:52:18]} 18. Bxc6 {[%clk 0:40:59]} 18... bxc6 {[%clk 0:52:43]} 19. O-O { [%clk
0:39:30]} 19... Re8 {[%clk 0:51:45]} 20. b5 {[%clk 0:37:15]} 20... d4 { [%clk
0:48:00]} 21. b6 {[%clk 0:36:30]} 21... dxc3 {[%clk 0:46:49]} 22. bxc7 { [%clk
0:36:05]} 22... Qxc7 {[%clk 0:46:56]} 23. Be3 {[%clk 0:34:10]} 23... Nd5 {[%clk
0:44:13]} 24. Bd4 {[%clk 0:29:13]} 24... Ra4 {[%clk 0:42:18]} 25. Be5 { [%clk
0:26:15]} 25... Qa7 {[%clk 0:40:13]} 26. Bd6 {[%clk 0:20:37]} 26... Rxa3 {[%clk
0:39:25]} 27. Rac1 {[%clk 0:20:40]} 27... Ra2 {[%clk 0:37:25]} 28. Qe1 { [%clk
0:18:42]} 28... e3 {[%clk 0:34:39]} 29. f5 {[%clk 0:12:03]} 29... e2 { [%clk
0:33:07]} 30. Rf3 {[%clk 0:11:48]} 30... Qa3 {[%clk 0:33:12]} 0-1

[Event "ODJM A 2019"]
[Site "Willingen GER"]
[Date "2019.06.12"]
[Round "5"]
[White "Weber, Jannis"]
[Black "Dette, Jan"]
[Result "0-1"]
[Termination "normal"]
[Board "16"]
[WhiteElo "1889"]
[BlackElo "2116"]
[WhiteClock "00:50:19"]
[BlackClock "00:45:34"]
[PlyCount "36"]
[WhiteFideId "12990760"]
[BlackFideId "12936677"]
[EventCountry "GER"]
[EventRounds "9"]
[EventType "swiss"]
[EventDate "2019.06.08"]

1. e4 {[%clk 1:30:51]} 1... e6 {[%clk 1:30:54]} 2. d4 {[%clk 1:31:16]} 2... d5
{[%clk 1:31:22]} 3. exd5 {[%clk 1:31:39]} 3... exd5 {[%clk 1:31:46]} 4. Nf3 {
[%clk 1:31:59]} 4... Nf6 {[%clk 1:31:38]} 5. Bd3 {[%clk 1:31:41]} 5... c5 {
[%clk 1:28:36]} 6. Qe2+ {[%clk 1:17:01]} 6... Be7 {[%clk 1:27:27]} 7. dxc5 {
[%clk 1:13:48]} 7... O-O {[%clk 1:17:00]} 8. O-O {[%clk 1:12:42]} 8... Bxc5 {
[%clk 1:17:15]} 9. c3 {[%clk 1:12:26]} 9... Bg4 {[%clk 1:16:38]} 10. h3 { [%clk
1:02:07]} 10... Re8 {[%clk 1:16:02]} 11. Be3 {[%clk 1:02:04]} 11... Bxf3 {[%clk
1:11:42]} 12. Qxf3 {[%clk 1:02:22]} 12... Bxe3 {[%clk 1:12:09]} 13. fxe3 {[%clk
1:02:34]} 13... Qb6 {[%clk 1:12:36]} 14. Qf2 {[%clk 0:58:35]} 14... Qxe3 {[%clk
1:05:53]} 15. Bc2 {[%clk 0:55:41]} 15... Nc6 {[%clk 1:01:29]} 16. Nd2 { [%clk
0:52:56]} 16... d4 {[%clk 0:46:15]} 17. cxd4 {[%clk 0:50:44]} 17... Nxd4 {[%clk
0:46:03]} 18. Bb3 {[%clk 0:50:19]} 18... Ne2+ {[%clk 0:45:34]} 0-1

[Event "ODJM A 2019"]
[Site "Willingen GER"]
[Date "2019.06.12"]
[Round "5"]
[White "Brunner, Jan"]
[Black "Mainka, Alwin"]
[Result "0-1"]
[Termination "normal"]
[Board "17"]
[WhiteElo "2046"]
[BlackElo "1833"]
[PlyCount "46"]
[WhiteFideId "12981010"]
[BlackFideId "16241177"]
[EventCountry "GER"]
[EventRounds "9"]
[EventType "swiss"]
[EventDate "2019.06.08"]

1. d4 Nf6 2. c4 g6 3. f3 d5 4. cxd5 Nxd5 5. e4 Nb6 6. Nc3 Bg7 7. Be3 Nc6 8. d5
Ne5 9. Qc2 O-O 10. O-O-O Nec4 11. Bxc4 Nxc4 12. Qe2 b5 13. Bd4 Bxd4 14. Rxd4 c5
15. Rd1 Ba6 16. b3 Qa5 17. Nb1 Nb6 18. Qd2 b4 19. a3 Rfc8 20. axb4 Qa1 21. b5
c4 22. b4 c3 23. Qc2 Bxb5 0-1

[Event "ODJM A 2019"]
[Site "Willingen GER"]
[Date "2019.06.12"]
[Round "5"]
[White "Reinecke, Katharina"]
[Black "Gerlach, Felix"]
[Result "1/2-1/2"]
[Termination "normal"]
[Board "18"]
[WhiteElo "1846"]
[BlackElo "2079"]
[PlyCount "40"]
[WhiteFideId "12929727"]
[BlackFideId "12957690"]
[EventCountry "GER"]
[EventRounds "9"]
[EventType "swiss"]
[EventDate "2019.06.08"]

1. c4 c5 2. g3 g6 3. Bg2 Bg7 4. Nc3 Nc6 5. e4 d6 6. Nge2 e6 7. O-O Nge7 8. d3
O-O 9. Be3 Nd4 10. Qd2 Rb8 11. Bh6 Nec6 12. Bxg7 Kxg7 13. Rab1 Qa5 14. h4 b5
15. h5 Nxe2+ 16. Qxe2 b4 17. Nb5 Qd8 18. e5 Nxe5 19. f4 a6 20. Nxd6 Nd7 1/2-1/2

[Event "ODJM A 2019"]
[Site "Willingen GER"]
[Date "2019.06.12"]
[Round "5"]
[White "Grund, Sebastian"]
[Black "Schimnatkowski, Lukas"]
[Result "1/2-1/2"]
[Termination "normal"]
[Board "19"]
[WhiteElo "2051"]
[BlackElo "2128"]
[PlyCount "91"]
[WhiteFideId "12988626"]
[BlackFideId "12936723"]
[EventCountry "GER"]
[EventRounds "9"]
[EventType "swiss"]
[EventDate "2019.06.08"]

1. d4 Nf6 2. c4 e6 3. Nf3 Bb4+ 4. Bd2 Qe7 5. g3 O-O 6. Bg2 Bxd2+ 7. Nbxd2 d6 8.
O-O e5 9. e4 a5 10. Qc2 Nc6 11. d5 Nb4 12. Qc3 Bd7 13. Rfe1 b6 14. a3 Na6 15.
b4 a4 16. Rec1 g5 17. Qe3 h6 18. Qe2 Kh8 19. Nf1 Rg8 20. N3d2 g4 21. Ne3 Nh7
22. Nf5 Bxf5 23. exf5 Qg5 24. Be4 Nf6 25. Bd3 Nb8 26. Ne4 Nxe4 27. Bxe4 Nd7 28.
Kg2 h5 29. Rh1 Kg7 30. h3 Rh8 31. h4 Qh6 32. Qe3 Nf6 33. Bc2 Qxe3 34. fxe3 Rhb8
35. e4 Kf8 36. Bd3 Ke7 37. Rac1 Kd7 38. Rc3 Ke7 39. Rhc1 Nd7 40. R3c2 Kf6 41.
Rc3 Ra7 42. Bc2 Rc8 43. b5 Rca8 44. Kf2 Nc5 45. Rb1 Nb7 46. Ke3 1/2-1/2

[Event "ODJM A 2019"]
[Site "Willingen GER"]
[Date "2019.06.12"]
[Round "5"]
[White "Schlick, Stefan"]
[Black "Stemmler, Fabian"]
[Result "1/2-1/2"]
[Termination "normal"]
[Board "20"]
[WhiteElo "2017"]
[BlackElo "2002"]
[PlyCount "47"]
[WhiteFideId "16211332"]
[BlackFideId "12964808"]
[EventCountry "GER"]
[EventRounds "9"]
[EventType "swiss"]
[EventDate "2019.06.08"]

1. d4 g6 2. c4 f5 3. g3 Nf6 4. Bg2 Bg7 5. Nc3 d6 6. e4 fxe4 7. Nxe4 Nxe4 8.
Bxe4 O-O 9. Ne2 c6 10. O-O Bg4 11. Be3 Nd7 12. Bg2 Nf6 13. Qd2 Qd7 14. f3 Be6
15. b3 a5 16. Rfe1 Bf7 17. Bh6 Rfe8 18. Bxg7 Kxg7 19. Nf4 e5 20. dxe5 dxe5 21.
Qxd7 Nxd7 22. Nd3 Kf6 23. Bh3 Be6 24. Bxe6 1/2-1/2

[Event "ODJM A 2019"]
[Site "Willingen GER"]
[Date "2019.06.12"]
[Round "5"]
[White "Rothenberg, Jannik"]
[Black "Biermann, Lenhard"]
[Result "1/2-1/2"]
[Termination "normal"]
[Board "21"]
[WhiteElo "1795"]
[BlackElo "2069"]
[PlyCount "71"]
[WhiteFideId "16204743"]
[BlackFideId "12970077"]
[EventCountry "GER"]
[EventRounds "9"]
[EventType "swiss"]
[EventDate "2019.06.08"]

1. d4 e6 2. c4 Nf6 3. Nc3 Bb4 4. Qc2 c5 5. dxc5 Na6 6. Bd2 Nxc5 7. a3 Bxc3 8.
Bxc3 O-O 9. b4 Nce4 10. Bb2 d5 11. e3 b6 12. cxd5 exd5 13. Be2 Bf5 14. Qb3 Re8
15. Nf3 Rc8 16. O-O Be6 17. Bd4 Nd6 18. Rfd1 Nfe4 19. Nd2 Qg5 20. Nf3 Qe7 21.
Nd2 Nf5 22. Nxe4 dxe4 23. Qb2 Rcd8 24. Bc3 Nh4 25. Bxg7 Qg5 26. g3 Qxg7 27.
Qxg7+ Kxg7 28. gxh4 Kf6 29. h3 Rc8 30. Rac1 Ke5 31. Kh2 Red8 32. Rxd8 Rxd8 33.
Rc2 Bb3 34. Rb2 Be6 35. Rc2 Bb3 36. Rb2 1/2-1/2

[Event "ODJM A 2019"]
[Site "Willingen GER"]
[Date "2019.06.12"]
[Round "5"]
[White "Wachinger, David"]
[Black "Bosselmann, Tom Linus"]
[Result "1/2-1/2"]
[Termination "normal"]
[Board "22"]
[WhiteElo "2066"]
[BlackElo "1963"]
[PlyCount "89"]
[WhiteFideId "24692689"]
[BlackFideId "12983845"]
[EventCountry "GER"]
[EventRounds "9"]
[EventType "swiss"]
[EventDate "2019.06.08"]

1. d4 Nf6 2. c4 g6 3. g3 Bg7 4. Bg2 O-O 5. Nc3 d6 6. Nf3 Nc6 7. O-O a6 8. b3
Rb8 9. d5 Na5 10. Bg5 h6 11. Bd2 c5 12. dxc6 Nxc6 13. Rc1 Be6 14. h3 Qd7 15.
Kh2 b5 16. cxb5 axb5 17. Ne1 Rfc8 18. Nd3 b4 19. Na4 Bd5 20. f3 Be6 21. Nf4 Ne5
22. Nxe6 Qxe6 23. Rxc8+ Qxc8 24. Qb1 Qa6 25. Re1 Ned7 26. e4 Nb6 27. Bf1 Qa8
28. Nxb6 Rxb6 29. Rc1 Nd7 30. Be3 Rb7 31. Qc2 Bc3 32. a4 h5 33. h4 Rc7 34. Be2
Qa5 35. Qd1 Nc5 36. Kg2 Ne6 37. Bc4 Qe5 38. Qd5 Qxd5 39. Bxd5 Nc5 40. Rd1 Rc8
41. Kf2 Rb8 42. Bd4 Kf8 43. Ke3 Rc8 44. Bxc5 Rxc5 45. Bc4 1/2-1/2

[Event "ODJM A 2019"]
[Site "Willingen GER"]
[Date "2019.06.12"]
[Round "5"]
[White "Bender, Felix"]
[Black "Brunner, Tobias"]
[Result "1/2-1/2"]
[Termination "normal"]
[Board "23"]
[WhiteElo "1678"]
[BlackElo "2017"]
[PlyCount "41"]
[WhiteFideId "16215656"]
[BlackFideId "12949833"]
[EventCountry "GER"]
[EventRounds "9"]
[EventType "swiss"]
[EventDate "2019.06.08"]

1. e4 d5 2. exd5 Qxd5 3. Nc3 Qa5 4. d4 c6 5. Nf3 Bg4 6. Be2 Nf6 7. O-O Nbd7 8.
Bf4 Bxf3 9. Bxf3 e6 10. Re1 Bb4 11. Bd2 Qc7 12. d5 cxd5 13. Nxd5 Nxd5 14. Bxd5
Bxd2 15. Qxd2 O-O 16. Bf3 Nf6 17. Rad1 Rac8 18. c3 Rfd8 19. Qc2 b6 20. Rxd8+
Rxd8 21. Rd1 1/2-1/2